Πρακτική χημεία
Αποθηκεύτηκε σε:
| Κύριος συγγραφέας: | |
|---|---|
| Άλλοι συγγραφείς: | , |
| Μορφή: | Βιβλίο |
| Γλώσσα: | Greek English |
| Δημοσίευση: |
Αθήναι :
Πεχλιβανίδης,
[1956].
|
| Θέματα: | |
| Ετικέτες: |
Προσθήκη ετικέτας
Δεν υπάρχουν, Καταχωρήστε ετικέτα πρώτοι!
|
MARC
| LEADER | 00000cam a2200000 i 4500 | ||
|---|---|---|---|
| 001 | 1/99845 | ||
| 008 | 081219s1956 gr | ||| |||| ||gre|| | ||
| 035 | |l 10102623 | ||
| 040 | |a GR-MY-UA |b gre |e aacr | ||
| 041 | 1 | |a gre |h eng | |
| 082 | 7 | |a 542 |2 (22) | |
| 100 | 1 | |a Rawlins, George M. |q (George Mimms), |d 1902- | |
| 245 | 1 | 0 | |a Πρακτική χημεία / |c George M. Rawlins, Alden H. Struble ; μετάφραση: Βασ. Δ. Τσακίρης. |
| 260 | |a Αθήναι : |b Πεχλιβανίδης, |c [1956]. | ||
| 300 | |a 549 σ. ; |c 24 εκ. | ||
| 500 | |a Τίτλος πρωτοτύπου: Chemistry in action | ||
| 650 | 0 | 0 | |a Chemistry. |
| 650 | 0 | 0 | |a Chemistry |x Laboratory manuals. |
| 650 | 0 | 0 | |a Chemistry |x Experiments. |
| 700 | 1 | |a Struble, Alden H. | |
| 700 | 1 | |a Τσακίρης, Βασίλειος Δ. |e trl | |
| 852 | |a INST |b RHODES |c AKA |e 20081219 |h 542 RAW |p 005400031671 |q 005400031671 |t BK |y 0 | ||
| 901 | |a BIBL4-2008-3 | ||
| 909 | |a Ρ |b 156802 | ||
| 970 | |a ΚΟΖΑ |b ΜΑΡΙΑ |z 2008/12/19 | ||